00465cam a22001457a 4500008004000000082001500040100002000055245005400075260003500129300001600164500001200180650002200192999001900214952008600233180718b1937 xxu||||| |||| 00| 0 eng d aF8x54 Ac44 aAcharya, N.C.A. aIndian elections and franchisecby N.C.N. Acharya aMadrasbThe Alliance Co.c1937 aviii, 315p. aRs.3.00 aElections - India c357001d357001 00104070aIIPAbIIPAd1994-01-11oF8x54 Ac44p27535r2018-07-21w2018-07-21yBK